Prénom en commun #6 - Louis - Statistiques

Statistiques générales
  • Ce quiz a été pris 235 fois
  • Le résultat moyen est 8 sur 13
Statistiques - réponses
Indice Prénom Nom % Correct
Scientifique français qui mit au point un vaccin contre la rage. Louis Pasteur
98%
Acteur comique le plus célèbre du cinéma français de la seconde moitié du XXe siècle. Louis De Funès
95%
Inventeur d’un système d’écriture tactile à points saillants, à l’usage des personnes aveugles ou malvoyantes. Louis Braille
92%
Avec son frère Auguste, a joué un rôle déterminant dans la photographie et dans la mise au point du cinéma. Louis Lumière
92%
Maison française de maroquinerie et de prêt-à-porter de luxe. Louis Vuitton
92%
Jazzman très influent, talentueux trompettiste, à l'origine du scat. Louis Armstrong
89%
Pionnier de l'industrie automobile française, fondateur d'un empire industriel. Louis Renault
80%
Musicien français, cofondateur du groupe de rock français Téléphone. Louis Bertignac
77%
Acteur français vu dans 'Les Amants Réguliers', 'J'accuse' ou encore 'Le Bureau des Légendes'. Louis Garrel
24%
Fils de Charlemagne, empereur d'Occident de 814 à sa mort en 840. Louis Ier / Le Pieux / Le Débonnaire
21%
Joueur de rugby à XV international français, ayant évolué à Toulouse et Montpellier. Louis Picamoles
20%
Réalisateur et producteur français, connu pour 'Le Transporteur' ou encore 'Insaisissables'. Louis Leterrier
12%
Personnage principal de la série TV 'Louis la Brocante'. Louis Roman
5%
Aucun quiz correspondant
Distribution des résultats
% des personnes avec chaque résultat
Percentile par nombre de réponses
Votre historique - résultats
Vous n’avez pas pris ce quiz